Facultad de Odontología.  Biblioteca.  Nodo central                      



header.jpg
Vista normal Vista MARC
  • Aguirre Santeliz, Rossanna Antoinette

Entrada Nombre personal

Número de registros utilizados en: 1

001 - NÚMERO DE CONTROL

  • campo de control: 11215

003 - IDENTIFICADOR DE NÚMERO DE CONTROL

  • campo de control: gtgcusco

005 - FECHA Y HORA DE LA ÚLTIMA TRANSACCIÓN

  • campo de control: 20250220120825.0

008 - ELEMENTOS DE DATO DE LONGITUD-FIJA

  • campo de control de longitud fija: 250220|| aca||aabn | a|a d

040 ## - FUENTE DE CATALOGACIÓN

  • Centro catalogador/agencia de origen: gtgcusco
  • Centro/agencia transcriptor: gtgcusco

100 ## - ENCABEZAMIENTO-NOMBRE DE PERSONA

  • Nombre de persona: Aguirre Santeliz, Rossanna Antoinette

670 ## - FUENTE DE DATOS ENCONTRADOS

  • Cita de la fuente: Work cat.: (gtgcusco)4408: Aguirre Santeliz, Rossanna Antoinette, Prevalencia de anomalías de desarrollo en caninos, premolares y molares detectables radiográficamente en estudiantes de 15 a 17 años en dos poblaciones de la región suroriente, en donde se desarrolla el programa EPS que cuentan en aparatos de rayos X, según las ocho regiones de salud de Guatemala, 2002., 2006